000 00606nam a2200217 u 4500
005 20230915063544.0
008 110217s1995 r 000 0 eng d
020 _a843484690X (SM)
020 _a9682988535 (CNCA)
035 _aUPN01000179465
049 _aCG
050 4 _aPQ6654 O2.2
_bM8.7
100 1 _aDocavo Alberti, Nacho
245 1 0 _aMurió por los pelos /
_cNacho Docavo Alberti.
260 _aMadrid :
_bSM :
_bCNCA,
_c1995.
300 _a153 p.
440 0 _aGran angular ;
_v141
650 4 _aNovela española
_ySiglo XX
_99779
650 0 _aNovela de fantasía
_98197
905 _aLibro
999 _c151568
_d151568